000 00218 a2200097 4500
001 1205
100 _aSchweitzer,G
245 _aBasics of frational H power motors & repair
260 _a
_bRider
_c
090 _c767
_d767
942 _aNUST-CAE
_cM
_c34344
999 _c236278
_d236278